| 000 | 00742nam a2200265Ia 4500 | ||
|---|---|---|---|
| 003 | OSt | ||
| 005 | 20220924132006.0 | ||
| 006 | a|||||r|||| 00| 0 | ||
| 007 | ta | ||
| 008 | 220923b |||||||| |||| 00| 0 tel d | ||
| 020 | _cRs.15 | ||
| 024 | _a340369 | ||
| 037 | _cTextual | ||
| 040 |
_aARTS _cARTS _btel |
||
| 041 |
_2tel _atel |
||
| 082 | _aV2:51xM89,1, 35K0 | ||
| 100 |
_aRaphik Jayakariya Au. _9203483 |
||
| 245 | 0 | _aNehru Pariseelana | |
| 260 |
_aVijayawada-2 _bJanata Prachuranalayam India _c1960 |
||
| 300 |
_a613p. _ccm. |
||
| 650 | _aHISTORY | ||
| 700 |
_a Paruchuri Tr. _9203484 |
||
| 942 |
_hV2:51xM89,1, 35K0 _cTEXL _2CC |
||
| 999 |
_c428919 _d428919 |
||